| 000 | 00366nam a2200133Ia 4500 | ||
|---|---|---|---|
| 008 | 220217s9999||||xx |||||||||||||| ||und|| | ||
| 020 | _a81-239-1029-0 | ||
| 082 | _a004.03 SPE | ||
| 100 |
_aSpencer, W. R _95565 |
||
| 245 | 0 | _aDictionary of computer | |
| 260 |
_aCBS publishers and distributors _bNew Delhi _c2003 |
||
| 300 | _b90 | ||
| 650 | _aCOMPUTER SCIENCE | ||
| 999 |
_c176581 _d176581 |
||